EU Länder - Reichstes bis ärmstes Land - Statistiken

Allgemein
  • Dieses Quiz wurde 258 mal gespielt
  • Das Durchschnittsergebnis liegt bei 14 aus 27
Antwortstatistiken
Ranking EU-Land % Korrekt
Reichstes #1 Luxemburg
97%
#8 Deutschland
58%
#2 Irland
56%
#3 Dänemark
55%
#4 Schweden
54%
#10 Frankreich
53%
#12 Spanien
53%
Ärmstes #27 Bulgarien
52%
#11 Italien
52%
#5 Niederlande
52%
#6 Österreich
52%
#9 Belgien
51%
#7 Finnland
50%
#26 Rumänien
49%
#24 Polen
48%
#13 Malta
46%
#16 Portugal
46%
#25 Kroatien
45%
#15 Slowenien
45%
#18 Griechenland
44%
#17 Tschechien
44%
#23 Ungarn
44%
#19 Estland
42%
#22 Lettland
42%
#21 Litauen
42%
#20 Slowakei
42%
#14 Zypern
41%
Keine übereinstimmenden Quizze gefunden
Verteilung der Resultate
Anzahl Personen mit jedem Resultat
Perzentil nach korrekt beantworteten Fragen
Ihre Resultats-Entwicklung
Sie haben dieses Quiz noch nicht gespielt